000 00290nam a2200133Ia 4500
100 _aDaniels/Harold R
942 _cBK
654 _aPress Handbook
245 _aMechanical Press Handbook
260 _bCahners Book
_aBoston
_c1972
082 _a621.9
300 _a308
546 _aENGLISH
999 _c32193
_d32193